000 00492nam a22001937a 4500
001 000031106
003 DO-SdBNP
005 20220211105944.0
007 ta
008 110613s1931 dr c 000 0 spa d
040 _aDO-SdBNP
_bspa
_cBNPPHU
082 _axxxx
_bR426
245 0 0 _aDominican Republic, report of the special emergency agent
260 _a[s.l.] :
_b[s.n.],
_c1931.
300 _a66 p. ;
_c24 cm.
590 _aInventariado, 2022 / DG
910 _aDG
942 _2ddc
_cLBS1
999 _c51417
_d51417